Statistiche per Conosci questa regione?

Clicka qui per fare il quiz!

Statistiche generali

  • Questo quiz è stato fatto 37 volte
  • Il punteggio medio è 70 su 80

Statistiche sulle risposte

DomandaCasellaDa selezionare?% Corretto
paesi che appartengono agli Paesi baltici?Paesi Bassi
100%
paesi che appartengono agli Paesi baltici?Belgio
100%
paesi che appartengono agli Paesi baltici?Lussemburgo
100%
paesi che appartengono agli Paesi baltici?Islanda
100%
paesi che si trovano in Sud America ?Honduras
100%
paesi che si trovano in Sud America ?Cuba
100%
paesi che appartengono ai paesi nordici ?Norvegia
100%
paesi che si trovano in Sud America ?Nicaragua
100%
paesi che appartengono al Maghreb ?Italia
100%
paesi che appartengono al Maghreb ?Malta
100%
paesi che appartengono al Maghreb ?Grecia
100%
paesi che appartengono ai paesi nordici ?Finlandia
97%
paesi che appartengono al Maghreb ?Spagna
97%
paesi che si trovano nel Corno d'Africa ?Lesotho
97%
paesi che appartengono ai paesi nordici ?Polonia
97%
paesi che appartengono al Maghreb ?Etiopia
97%
paesi che si trovano in Sud America ?Messico
97%
paesi che appartengono al Maghreb ?Cipro
97%
paesi che appartengono ai paesi nordici ?Paesi Bassi
97%
paesi che appartengono ai paesi nordici ?Svezia
97%
paesi che appartengono ai paesi nordici ?Ungheria
97%
paesi che appartengono ai paesi nordici ?Bielorussia
97%
paesi che appartengono agli Paesi baltici?Norvegia
94%
paesi che appartengono agli Paesi baltici?Repubblica Ceca
94%
paesi che si trovano nel Corno d'Africa ?Sudafrica
94%
paesi che si trovano in Sud America ?Panama
94%
paesi che si trovano nel Corno d'Africa ?Malawi
94%
paesi che si trovano nel Corno d'Africa ?Mozambico
94%
paesi che appartengono al Maghreb ?Iraq
94%
paesi che si trovano nel Corno d'Africa ?Zambia
94%
paesi che si trovano nel Corno d'Africa ?Tanzania
91%
paesi che appartengono agli Paesi baltici?Germania
91%
paesi che appartengono agli Paesi baltici?Bielorussia
91%
paesi che si trovano in Sud America ?Paraguay
91%
paesi che si trovano in Sud America ?Cile
91%
paesi che appartengono ai paesi nordici ?Germania
91%
paesi che si trovano in Sud America ?Ecuador
91%
paesi che appartengono agli Paesi baltici?Danimarca
91%
paesi che si trovano in Sud America ?Uruguay
91%
paesi che si trovano nel Corno d'Africa ?Swaziland
91%
paesi che si trovano in Sud America ?Bolivia
91%
paesi che si trovano in Sud America ?Colombia
91%
paesi che si trovano nel Corno d'Africa ?Zimbabwe
91%
paesi che appartengono al Maghreb ?Israele
91%
paesi che si trovano in Sud America ?Perù
91%
paesi che si trovano nel Corno d'Africa ?Sud Sudan
91%
paesi che si trovano nel Corno d'Africa ?Botswana
91%
paesi che appartengono ai paesi nordici ?Irlanda
91%
paesi che si trovano in Sud America ?Venezuela
88%
paesi che si trovano in Sud America ?Brasile
88%
paesi che appartengono al Maghreb ?Libano
88%
paesi che si trovano nel Corno d'Africa ?Sudan
88%
paesi che appartengono agli Paesi baltici?Svezia
85%
paesi che appartengono agli Paesi baltici?Lituania
85%
paesi che appartengono agli Paesi baltici?Russia
85%
paesi che appartengono agli Paesi baltici?Finlandia
85%
paesi che appartengono al Maghreb ?Turchia
85%
paesi che appartengono agli Paesi baltici?Lettonia
85%
paesi che appartengono agli Paesi baltici?Estonia
82%
paesi che appartengono ai paesi nordici ?Danimarca
82%
paesi che appartengono ai paesi nordici ?Islanda
82%
paesi che si trovano nel Corno d'Africa ?Etiopia
82%
paesi che si trovano nel Corno d'Africa ?Kenya
79%
paesi che si trovano in Sud America ?Suriname
79%
paesi che appartengono ai paesi nordici ?Scozia
79%
paesi che appartengono al Maghreb ?Marocco
79%
paesi che si trovano nel Corno d'Africa ?Eritrea
79%
paesi che appartengono agli Paesi baltici?Polonia
76%
paesi che si trovano nel Corno d'Africa ?Somalia
76%
paesi che si trovano in Sud America ?Guyana
76%
paesi che appartengono al Maghreb ?Tunisia
74%
paesi che appartengono ai paesi nordici ?Russia
74%
paesi che appartengono al Maghreb ?Algeria
68%
paesi che si trovano nel Corno d'Africa ?Gibuti
68%
paesi che appartengono al Maghreb ?Sahara Occidentale
65%
paesi che appartengono ai paesi nordici ?Lituania
65%
paesi che appartengono ai paesi nordici ?Lettonia
62%
paesi che appartengono al Maghreb ?Libia
62%
paesi che appartengono ai paesi nordici ?Estonia
59%
paesi che appartengono al Maghreb ?Mauritania
38%

Distribuzione punteggi

Percentile per numero di risposta

Percentuale di utenti per punteggio

I tuoi punteggi nel tempo

Non hai fatto questo quiz